Normal view
MARC view
- محمود، ريبوار كريم
Entry Personal Name
001 - CONTROL NUMBER
- control field: 50090
003 - CONTROL NUMBER IDENTIFIER
- control field: JO-AjAnu
005 - DATE AND TIME OF LATEST TRANSACTION
- control field: 20230606082241.0
008 - FIXED-LENGTH DATA ELEMENTS
- fixed length control field: 230606|| aca||aabn | a|a d
040 ## - CATALOGING SOURCE
- Original cataloging agency: JO-AjAnu
- Transcribing agency: JO-AjAnu
100 ## - HEADING--PERSONAL NAME
- Personal name: محمود، ريبوار كريم
670 ## - SOURCE DATA FOUND
- Source citation: Work cat.: (JO-AjAnu)25610: محمود، ريبوار كريم, author, عملية صنع قرار الحرب على العراق في الولايات المتحدة الامريكية ونتائجة( حرب عام 2003 نموذجا)